000 00565nam a2200181Ia 4500
003 IN-BaIIA
008 211028s9999 xx 000 0 eng d
020 _a0-7503-0037-X
040 _cIIA Library
080 _a524.834
_bKIT
100 _aKitchin, C. R
_913740
245 0 _aJourneys to the Ends of the Universe
_ba guided tour of the beginnings and endings of planets,stars, galaxies and the universe
_cC. R. Kitchin
260 _aBristol
_bAdam Hilger
_c2002
300 _aix, 198p.
650 _aNearest Star
_927029
650 _aUniverse
_91987
942 _cBK
999 _c14947
_d14947